Представление документа в формате RUSMARC

ПолеНазваниеЗначение
  Тип записи a
  Библиографический уровень a
001 Контрольный номер RU/IS/BASE/569070277
005 Дата корректировки 20240207192948.3
100 Данные общей обработки __
a Данные общей обработки 20180112d2018 ||| 0rusy0189 ca
101 Язык документа 0_
a Язык текста rus
102 Страна публикации __
a Страна публикации RU
105 Кодированные данные (монография) __
a Кодированные данные (монография) y###||||000|y
200 Заглавие и сведения об ответственности 1_
a Заглавие Художественный фонд музея-заповедника "Томская писаница" в лекционной работе по музееведению
b Общее обозначение материала Текст
e Сведения, относящиеся к заглавию [история коллекционирования, история фондов музея - методика подачи материала]
f Первые сведения об ответственности Евгения Демидова
461 Уровень набора _0
1 2001
a Искусство
463 Уровень физической единицы _0
1 2001
a № 11-12
v С. 13-17 : фот.
1 210
d 2017
606 Тематические рубрики 0_
a Основная рубрика Музейная педагогика
610 Ключевые слова 0_
a Ключевые слова музейная педагогика
610 Ключевые слова 0_
a Ключевые слова музееведение
610 Ключевые слова 0_
a Ключевые слова лекционная работа
610 Ключевые слова 0_
a Ключевые слова музейные фонды
610 Ключевые слова 0_
a Ключевые слова фонды музеев
610 Ключевые слова 0_
a Ключевые слова музеи-заповедники
610 Ключевые слова 0_
a Ключевые слова Томская писаница
686 Индексы других классификаций __
a Классификационный индекс 79.18
2 Код системы rubbk
700 Автор _1
a Фамилия Демидова
b Имя (инициалы) Е.
g Полное личное имя Евгения
801 Источник записи _0
a Страна RU
b Организация Ульяновская ОБДЮ
c Дата составления 20180112
g Правила каталогизации RCR
801 Источник записи _1
a Страна RU
b Организация Ульяновская ОБДЮ
c Дата составления 20180112
g Правила каталогизации RCR
901 Тип документа __
t Тип документа b
910 Корректоры записи __
a Корректор записи Бобылёва И.В.
919 __
a Бобылёва И.В.
938 Служебная информация __
a Имя БД BibStat
b Имя библиотеки ОБДЮ